| 000 | 00710nam a2200205Ii 4500 | ||
|---|---|---|---|
| 003 | JO-AjNU | ||
| 008 | 230605s9999||||xx |||||||||||||| ||und|| | ||
| 040 |
_aJO-AjNU _bara _erda _cJO-AjNU |
||
| 041 | _aara | ||
| 050 | 1 | 4 | _aPJ7832.A48.Z86 1983 |
| 100 | 3 |
_aعوض، ريتا, _eauthor _952769 |
|
| 245 | 0 | 0 | _aأعلام الشعر العربي الحديث: خليل حاوي |
| 250 | _aط1 | ||
| 264 | 3 | 1 | _aبيروت: المؤسسة العربية للدراسات والنشر، 1983 |
| 300 | _a88ص | ||
| 336 |
_atext _btxt _2rdacontent |
||
| 337 |
_aunmediated _bn _2rdamedia |
||
| 338 |
_avolume _bnc _2rdacarrier |
||
| 650 | 4 |
_aالشعر العربي - الشعراء العرب - تراجم _952770 |
|
| 999 |
_aA23395 _c26963 _d26963 |
||